Kpop Group Leaders (2021) - Statistics

General Stats
  • This quiz has been taken 726 times
    715 since last reset
  • The average score is 15 of 26
Answer Stats
Hint Answer % Correct
BTS RM
98%
Stray Kids Bang Chan
95%
Itzy Yeji
90%
Twice Jihyo
86%
TXT Soobin
86%
Red Velvet Irene
82%
Mamamoo Solar
82%
A.C.E Jun
79%
BIGBANG G-Dragon
74%
Enhypen Jungwon
74%
Seventeen S.Coups
74%
(G)I-DLE Soyeon
74%
Ateez Hongjoong
62%
NCT Taeyong
62%
EXO Suho
58%
Shinee Onew
56%
SuperM Baekhyun
45%
Astro JinJin
39%
Monsta X Shownu
39%
Super Junior Leeteuk
32%
Btob Eunkwang
28%
Everglow Sihyeon
26%
The Boyz Sangyeon
24%
2pm Jay
22%
Day6 Sungjin
19%
CIX BX
13%
No matching quizzes found
Score Distribution
Percent of People with Each Score
Percentile by Number Answered
Your Score History
You have not taken this quiz since the last reset